Law and social change in Ghana

Αποθηκεύτηκε σε:
Λεπτομέρειες βιβλιογραφικής εγγραφής
Κύριος συγγραφέας: Harvey, William Burnett, 1922-1999
Μορφή: Βιβλίο
Γλώσσα:English
Δημοσίευση: Princeton, N.J. : Princeton University Press, 1966.
Θέματα:
Ετικέτες: Προσθήκη ετικέτας
Δεν υπάρχουν, Καταχωρήστε ετικέτα πρώτοι!

MARC

LEADER 00000cam a2200000 a 4500
001 1/113231
008 170307s1966####nju| ||| |||| ||eng||
040 |a GR-MyUa  |b gre  |c GR-MyUa  |e AACR2 
041 0 |a eng 
082 7 |a 320.966   |2 (23) 
100 1 |a Harvey, William Burnett,   |d 1922-1999. 
245 1 0 |a Law and social change in Ghana /   |c by William Burnett Harvey.  
260 |a Princeton, N.J. :   |b Princeton University Press,   |c 1966.  
300 |a xiii, 453 σ. ;   |c 21 εκ.  
504 |a Περιλαμβάνει βιβλιογραφία και ευρετήριο.  
651 0 |a Ghana  |x Politics and government. 
852 |a INST  |b LESVOS  |e 20170307  |h 320.966 HAR  |p 005100058787  |q 005100058787  |t BK  |y 0 
970 |a Τζαφέρη  |b Ευαγγελία  |z 07-03-2017